| 000 | 01256cam a2200349 a 4500 | ||
|---|---|---|---|
| 001 | 16953241 | ||
| 003 | OSt | ||
| 005 | 20180116192416.0 | ||
| 008 | 110909s2011 ne a 000 0 eng | ||
| 010 | _a 2011456308 | ||
| 020 | _a9789077174265 (geb. Frame) | ||
| 020 | _a9077174265 (geb. Frame) | ||
| 020 | _a9783034607544 (Birkhäuser) | ||
| 020 | _a3034607547 (Birkhäuser) | ||
| 040 |
_aDLC _cDLC |
||
| 042 | _apcc | ||
| 050 | 0 | 0 |
_aTA403.6 _b.T475 2011 |
| 082 | _a620.11 | ||
| 100 | 1 |
_aTernaux, Elodie. _96579 |
|
| 245 | 1 | 0 |
_aMaterial World 3 : _binnovative materials for architecture and design / _cdirected by matériO ; [author, Elodie Ternaux]. |
| 246 | 3 | _aMaterial world three | |
| 260 |
_aAmsterdam : _bFrame Publishers ; _aMinneapolis, MN : _bConsortium Book Sales & Distribution, _c2011. |
||
| 300 |
_a232 p. : _bill. ; _c29 cm. |
||
| 650 | 0 |
_aMaterials _xTechnological innovations. _96580 |
|
| 650 | 0 |
_aInterior architecture. _96581 |
|
| 650 | 0 |
_aBuilding materials. _96582 |
|
| 710 | 2 |
_aMatériO (Firm) _96583 |
|
| 906 |
_a7 _bcbc _corigres _d2 _encip _f20 _gy-gencatlg |
||
| 942 |
_2ddc _cBK |
||
| 999 |
_c353711 _d353711 |
||